1233 1787 1344 1235 1892 1004 1023 1599 1058 1624 1351 1083 1514 1754 1154 1414 1202 1923 1590 1490 1499 1226 1102 1754 1559 1317 1618 1101 1856 1048 1251 1397 1663 2000 1477 1734 1985 1499 1784 1249 1630 1253 1967 1379 1209 1833 1890 1914 1550 1805 1403 1002 1498 1476 1754 1624 1290 1631 1232 1080 1437 1902 1143 1880 1728 1720 1223 1520 1224 1002 1720 1361 1504 1267 1000 1177 1261 1764 1893 1097 1328 1753 1540 1272 1267 1742 1901 1998 1093 1140 1613 1532 1395 1279 1940 1910 1194 1820 1934 BCNSPRNW ULIB Ver.6.0+V

เปลี่ยนเป็นภาษาไทย

Change to English
 แสดงรายละเอียดบรรณานุกรม
  กลับหน้าหลัก

Brief Record : Get Marc (ISO 2709) : E-mail record : QR code < ปิดหน้าต่าง
LEADER : 00000nam 2200000uu 4500
001    13399122230
003     ULIB
008    020711s2549 th a 000 0 tha d
020    9749950682
020    9789749950685
090    นว.^bY11จ
100    Yong Sok-gil
245    เจ้าพ่อเลือดทรนง 1/^cYong Sok-gil เขียน,Muzume แปล
260    กรุงเทพฯ :^bsiam inter books,^c2549
300    435 หน้า
500     มี 2 เล่ม
700    (...no)Muzume,^eแปล
945    ^p265^l0^i019593
999    ^aทศพร
รายการนี้ยังไม่มีแท็ก
คุณยังไม่ได้ล็อกอิน คุณสามารถมีกิจกรรมร่วมกับเว็บไซต์ได้ แต่ต้องล็อกอินก่อน ::
  ล็อกอิน

รายการสื่อสารสนเทศ

ลำดับที่ ประเภท เลขเรียก/บาร์โค้ด สถานที่ สถานะ
1. นวนิยาย
นวนิยาย
นว. Y11จ ฉ.1 
  Barcode: 019593
ห้องสมุดวิทยาเขตสวรรค์ประชารักษ์
►นวนิยาย
บนชั้น
  ขอยืม
Note: มี 2 เล่ม

รายการใกล้เคียง
    ผู้แต่ง [Yong Sok-gil]

BibComment


ยังไม่เคยถูกคอมเมนท์

คอมเมนท์ทรัพยากรรายการนี้
  คอมเมนท์: เจ้าพ่อเลือดทรนง ..


 Copyright 2026. Bcnsprnw @Library